00516pab a2200157 454500008004000000100002500040245006700065260000900132300001500141362001400156650002200170773003400192909001000226999001700236952010500253180718b1997 xxu||||| |||| 00| 0 eng d aBhaumik, Sumon Kumar aStock index futures in India: does the market justify its use? c1997 ap.2608-611 a11-17 Oct aFinancial markets aEconomic and Political Weekly a35850 c35850d35850 00104070aIIPAbIIPAd2018-07-19hVolume no: 32, Issue no: 41pAR36111r2018-07-19w2018-07-19yAR